00742cam a2200193ua 45000010005000000080039000050400009000440410012000530820012000651000034000772450020001112600045001316530020001769420007001969990015002039520110002189520110003289520110004383565160719n II |||gr||||Z||||||eng aMAIN aEnglish a823 KIP aKIPLING , RUDYARD.,eAUTHOR., aTHE JUNGLE BOOK a[s.l]:bMACMILLAN LONDON LIMITED,c1972. aEnglish fiction cBK c3553d3553 001040708TBENGaMAINbMAINcEN#d1972-04-21o823 KIPp03448r2020-02-27 00:00:00t1w2020-02-27yBKzV 001040708TBENGaMAINbMAINcEN#d1972-04-21o823 KIPp03449r2020-02-27 00:00:00t2w2020-02-27yBKzV 001040708TBENGaMAINbMAINcEN#d1972-04-21o823 KIPp03450r2020-02-27 00:00:00t3w2020-02-27yBKzV